000 00326nam a22001457a 4500
999 _c54924
_d54924
008 190925b ||||| |||| 00| 0 eng d
020 _a9780071790277
041 _aeng
080 _a615.03
082 _2615.03
100 _a3
101 _aSH.M.
245 _aChoosing A Medical Specialty
_cFreeman.B.S
942 _2udc
_cBK